Statistics for Presidents of the European Commission

Click here to take the quiz!

General Stats

  • This quiz has been taken 6 times
  • The average score is 3 of 14

Answer Stats

In officeAnswer% Correct
2019 - IncumbentUrsula von der Leyen
100%
2014 - 2019Jean-Claude Juncker
50%
1999 - 2004Romano Prodi
50%
1985 - 1995Jacques Delors
33%
2004 - 2014José Manuel Durão Barroso
33%
1995 - 1999Jacques Santer
17%
1999 - 1999Manuel Marín
17%
1977 - 1981Roy Jenkins
17%
1973 - 1977François-Xavier Ortoli
0%
1970 - 1972Franco Maria Malfatti
0%
1981 - 1985Gaston Thorn
0%
1967 - 1970Jean Rey
0%
1972 - 1973Sicco Mansholt
0%
1958 - 1967Walter Hallstein
0%

Score Distribution

Percentile by Number Answered

Percent of People with Each Score

Your Score History

You have not taken this quiz